000 002560000a22000970004500
100 1 _aDos Reis, Ana Isa
245 1 0 _aCulto memorial e de apoio às pessoas enlutadas
300 _aVol.0, núm.20 (Agosto, 2006), Páginas 14-16
773 0 _tTEAR
942 _cANA
999 _c61605
_d61605